| 000 | 01308nam a2200337 a 4500 | ||
|---|---|---|---|
| 001 | 000114004 | ||
| 003 | CHAP | ||
| 005 | 20220329144423.0 | ||
| 008 | 171017s2017 mx sm |||||||spa d | ||
| 010 | _a110465 | ||
| 011 | _a111437 | ||
| 040 | _cCHAP | ||
| 090 | _aTesis | ||
| 100 | 1 |
_aAlcantara Sánchez, Angélica Lizbeth _9133826 |
|
| 245 | 1 | 0 |
_aEducación ambiental en el parque ecológico, turístico y recreativo Sierra Hermosa, Estado de México _h[En línea] _cpor Angélica Lizbeth Alcántara Sánchez. |
| 260 |
_aChapingo, Méx. : _bEl autor, _c2017. |
||
| 500 | _aPara ver el contenido del material haga clic en la liga | ||
| 502 | _aTesis (Ing. en Recursos Naturales Renovables) -- UACH. Departamento de Suelos | ||
| 590 |
_aBATCH _b00 _c20181121 _lUCH01 _h0758 |
||
| 590 |
_aE11695DGD _b10 _c20171019 _lUCH01 _h1440 |
||
| 590 |
_aE6339RRR _b05 _c20171017 _lUCH01 _h1452 |
||
| 590 |
_aE6339RRR _b05 _c20171017 _lUCH01 _h1500 |
||
| 650 | 1 | 4 |
_aCiencias ambientales _xEstudio y enseñanza. _9132545 |
| 650 | 1 | 4 |
_aEducación ambiental _xPrograma de actividades. _9133827 |
| 650 | 1 | 4 |
_aMedio ambiente _xConservación _zMéxico (Edo.). _9133834 |
| 856 |
_a1 _n0000184 |
||
| 856 |
_aFinding aid _uhttp://10.13.5.2/tesis/sist114004.pdf _zTeclea aquí |
||
| 901 | _aBK | ||
| 942 | _cTESIS | ||
| 942 | _n0 | ||
| 999 |
_c110465 _d110465 |
||